MARC

Tag First Indicator Second Indicator Subfields
LEADER 00000cas a2200000 4500
001 in00000073369
005 20151008052531.0
008 781030c19269999qucuu f0 uua0eng d
010 |a gs 27000005  
035 |a (OCoLC)04331165 
035 |9 AAH3766AM 
040 |a IUA  |c IUA  |d TXA  |d UtOrBLW 
043 |a n-cn--- 
049 |a TXAE 
050 1 0 |a QE748  |b .A22 
090 |a QH1  |b .C13 no. 42, etc. 
110 2 |a Geological Survey of Canada. 
245 1 0 |a Contributions to Canadian palaeontology.  |n [new ser.]. 
264 1 |a Ottawa,  |b [publisher not identified] ;  |c 1926- 
300 |a  volumes :  |b illustrations, plates, tables, diagrams ;  |c 25 cm. 
336 |a text  |b txt  |2 rdacontent 
337 |a unmediated  |b n  |2 rdamedia 
338 |a volume  |b nc  |2 rdacarrier 
490 1 |a Bulletin. ;  |v  42.44,49,54,63 
490 1 |a Geological Series ;  |v  45,46,48,49,51 
500 |a At head of title: Canada. Department of mines. Nos. 54, 63 issued by National museum of Canada. 
520 |a Each volume consists of papers by various authors. 
650 0 |a Paleontology  |z Canada. 
760 0 |a Canada. National Museum, Ottawa.  |t Bulletin 
760 0 |a Canada. National Museum, Ottawa.  |t Geological series 
830 0 |a Bulletin (National Museum of Canada) ;  |v no. 42. 
830 0 |a Geological series (National Museum of Canada) ;  |v no. 45. 
830 0 |a Bulletin (National Museum of Canada) ;  |v no. 44. 
830 0 |a Geological series (National Museum of Canada) ;  |v no. 46. 
830 0 |a Bulletin (National Museum of Canada) ;  |v no. 49. 
830 0 |a Geological series (National Museum of Canada) ;  |v no. 48. 
830 0 |a Bulletin (National Museum of Canada) ;  |v no. 54. 
830 0 |a Geological series (National Museum of Canada) ;  |v no. 49. 
830 0 |a Bulletin (National Museum of Canada) ;  |v no. 63. 
830 0 |a Geological series (National Museum of Canada) ;  |v no. 51. 
999 |a MARS 
999 f f |s c2e4a144-4c91-33c9-8600-2e66f9b60d9c  |i d8ddf75b-5d81-3de0-a1a5-1c622850251b  |t 0 
952 f f |p normal  |a Texas A&M University  |b College Station  |c Sterling C. Evans Library  |d Evans: Library Stacks  |t 0  |e QH1 .C13 no.42, etc.  |h Library of Congress classification  |i unmediated -- volume  |m A14806734557 
952 f f |p normal  |a Texas A&M University  |b College Station  |c Sterling C. Evans Library  |d Evans: Library Stacks  |t 0  |e QH1 .C13 no.58-80  |h Library of Congress classification  |i unmediated -- volume  |m A14804811816 
952 f f |p normal  |a Texas A&M University  |b College Station  |c Sterling C. Evans Library  |d Evans: Library Stacks  |t 0  |e QH1 .C13 no.46-54  |h Library of Congress classification  |i unmediated -- volume  |m A14804811808 
998 f f |a QH1 .C13 no.42, etc.  |s 1926-1930  |t 0  |l Evans: Library Stacks 
998 f f |a QH1 .C13 no.58-80  |t 0  |l Evans: Library Stacks 
998 f f |a QH1 .C13 no.46-54  |t 0  |l Evans: Library Stacks